Estudios iushistóricos en homenaje al Prof. Dr. Tulio Ortiz /
Guardado en:
| Otros Autores: | , , |
|---|---|
| Formato: | Libro |
| Idioma: | Undetermined |
| Publicado: |
Ciudad Autónoma de Buenos Aires :
Departamento de Publicaciones de la Facultad de Derecho y Ciencias Sociales de la Universidad de Buenos Aires,
2025.
|
| Edición: | 1a. ed. |
| Materias: | |
| Etiquetas: |
Agregar Etiqueta
Sin Etiquetas, Sea el primero en etiquetar este registro!
|
| LEADER | 00797nam a22001935a 4500 | ||
|---|---|---|---|
| 001 | DER.der015722 | ||
| 008 | 260428s2025####xx############000#0#und#d | ||
| 005 | 20260428160834.0 | ||
| 245 | 1 | 0 | |a Estudios iushistóricos en homenaje al Prof. Dr. Tulio Ortiz / |c compilado por Verónica Lescano Galardi, Sandro Olaza Pallero y Luciana B. Scotti. |
| 250 | |a 1a. ed. | ||
| 260 | |a Ciudad Autónoma de Buenos Aires : |b Departamento de Publicaciones de la Facultad de Derecho y Ciencias Sociales de la Universidad de Buenos Aires, |c 2025. | ||
| 300 | |a 467 p. | ||
| 020 | |a 9789873810466 | ||
| 700 | 1 | |a Lescano Galardi, Verónica, |e comp. | |
| 700 | 1 | |a Olaza Pallero, Sandro, |e comp. | |
| 700 | 1 | |a Scotti, Luciana, |e comp. | |
| 650 | 7 | |a HISTORIA ARGENTINA | |
| 650 | 7 | |a DERECHO | |
| 859 | |a DERECHO |b BIB. DERECHO |h 982 |i EST |p 0010809 | ||
